| 000 | 00766cam a22002654a 4500 | ||
|---|---|---|---|
| 020 | _a9781555814250 | ||
| 020 | _a1555814255 | ||
| 040 | _cDLC | ||
| 082 | 0 | 0 | _a616 ASM 2009 A083 Or. |
| 245 | 0 | 0 | _aClinical virology / |
| 250 | _a3rd ed. | ||
| 260 |
_aWashington, DC : _bASM Press, _cc2009. |
||
| 300 |
_axvi, 1375 p., [24] p. of plates : _bill. (some col.), maps (some col.) ; _c29 cm. |
||
| 650 | 0 | _aVirus diseases. | |
| 650 | 0 | _aDiagnostic virology. | |
| 650 | 1 | 2 | _aVirus Diseases |
| 650 | 1 | 2 | _aVirus Diseases |
| 650 | 2 | 2 | _aAntiviral Agents |
| 650 | 2 | 2 | _aViruses |
| 700 | 1 | _aRichman, Douglas D. | |
| 700 | 1 | _aWhitley, Richard J. | |
| 700 | 1 | _aHayden, Frederick G. | |
| 856 | 4 | 1 | _uhttp://www.loc.gov/catdir/toc/ecip0818/2008019983.html |
| 942 | _cEK | ||
| 999 |
_c16067 _d16067 |
||